000 00826nam a2200253Ia 4500
003 OSt
005 20220923210943.0
006 a|||||r|||| 00| 0
007 ta
008 Pun
020 _a8126002425 (hbk)
_c300
024 _a290,188
037 _b1031, 18/03/2016, H.K. Prakashan
_cTextual
040 _aARTS
_cARTS
_bPun
041 _2Pun
_aPun
082 _aQ8441:21, 153N7
100 _aਦੁੱਗਲ, ਕਰਤਾਰ ਸਿੰਘ
_9156274
245 0 _aਅੰਮ੍ਰਿਤ ਬਾਣੀ
260 _aਨਵੀ੍ਵ ਦਿੱਲੀ
_b ਸਾਹਿਤ ਅਕਾਦੇਮੀ
_c1997
300 _a527ਪੰ
_ccm.
650 _aਧਰਮ
_9156519
942 _hQ8441:21, 153N7
_cTEXL
_2CC
999 _c293161
_d293161